00664nam a2200229 a 4500001001300000003000900013005001700022008004100039020001000080082001400090245005400104260003600158300000900194500003500203505001300238650001600251710002300267902000800290942000700298952011400305999001500419nice12345678IN_TiNIC20260116011900.0050524s1992 caia grp 000 0 ara  ac10000a239bNIL1 aAl-Bakoorah, Ash Shahiyah Fi Riwayaatid Deeniyah. aCairobNile Mission Pressc1992 a221p aincludes index and biblioraphy2 aArchives aApologetics2 aNile Mission Press bRBA cBK 001040708RareBook->aHMIbHMId2007-06-22g100.00l0o239 NIL1p05162r2007-06-22v100.00w2005-05-24yBK c4684d4684